The book of rowing

-д хадгалсан:
Номзүйн дэлгэрэнгүй
Үндсэн зохиолч: Churbuck, David C (Зохиогч)
Формат: Ном
Хэл сонгох:англи
Хэвлэсэн: Nueva York The Overlook Press 2007
Хэвлэл:1a. ed
Нөхцлүүд:
Шошгууд: Шошго нэмэх
Шошго байхгүй, Энэхүү баримтыг шошголох эхний хүн болох!

MARC

LEADER 00000nam a2200000 a 4500
001 UCH2413
003 CL-VaPUC
008 090611e20070000US |||||||||||||||||eng|d
020 |a 9781590200117 
082 0 4 |a 797.123  |b CHU  |2 21 
100 0 |a Churbuck, David C  |e author  |9 537212 
245 1 4 |a The book of rowing 
250 |a 1a. ed 
300 |a 289 p 
942 |c BK 
945 |d 20090611 00:00:00  |a cmena 
260 |a Nueva York  |b The Overlook Press  |c 2007 
650 7 |a NAVEGACION A REMO  |2 CL-VaPUC  |9 537213 
650 7 |a REMO  |2 CL-VaPUC  |9 537214 
650 7 |a DEPORTES ACUATICOS  |2 CL-VaPUC  |9 262007 
650 7 |a DEPORTES AL AIRE LIBRE  |2 CL-VaPUC  |9 537215 
650 7 |a ENTRENAMIENTO ATLETICO  |2 CL-VaPUC  |9 537216 
583 |a last modification  |c 20090611 00:00:00  |k Rodrigo Vera 
999 |c 334154  |d 334152 
952 |0 0  |1 0  |4 0  |6 797_123000000000000_CHU_2007  |7 0  |8 C  |9 422987  |a BIBCUR  |b BIBCUR  |d 2019-11-22  |i 4563468  |o 797.123 CHU 2007  |p 4563468  |r 2025-04-22  |w 2019-11-22  |y BK  |k DEN